Aplikácia počítačového videnia

Salvato in:
Dettagli Bibliografici
Autore principale: Palček, Juraj (Autore)
Altri autori: Slačka, Juraj (Relatore della tesi)
Natura: Manoscritto Libro
Lingua:slovacco
Pubblicazione: 2017
Soggetti:
Accesso online:http://is.stuba.sk/zp/portal_zp.pl?podrobnosti=125517
Tags: Aggiungi Tag
Nessun Tag, puoi essere il primo ad aggiungerne!!

MARC

LEADER 00000ntm a22000003a 4500
001 stuzp60572
003 SK-STU
005 20170711142407.6
007 ta
008 150427s2015----xo-----f-mn---000-0-slo-d
040 |a STU  |b slo 
041 0 |a slo 
044 |a xo 
100 1 |a Palček, Juraj  |u 031000  |4 aut  |U FEI Fakulta elektrotechniky a informatiky  |T FEI Ústav robotiky a kybernetiky  |X 74539  |U E011  |Y 356  |7 74539 
242 0 1 |a Application of computer vision  |y eng 
245 1 0 |a Aplikácia počítačového videnia 
260 |c 2017 
300 |a 37 s.,  |b CD-ROM 
650 4 |a počítačové videnie  |2 slo 
650 4 |a stereovízia  |2 slo 
650 4 |a kalibrácia kamier  |2 slo 
650 4 |a Python  |2 slo 
650 4 |a Raspberry Pi  |2 slo 
650 4 |a OpenCV  |2 slo 
650 4 |a triangulácia  |2 slo 
650 4 |a camera calibration  |2 eng 
650 4 |a Python  |2 eng 
650 4 |a Raspberry Pi  |2 eng 
650 4 |a computer vision  |2 eng 
650 4 |a OpenCV  |2 eng 
650 4 |a triangulation  |2 eng 
650 4 |a stereo vision  |2 eng 
700 1 |a Slačka, Juraj  |u 031000  |k Z1  |4 ths  |U FEI Fakulta elektrotechniky a informatiky  |T FEI Ústav robotiky a kybernetiky  |X 50837  |U E011  |Y 356  |7 A000050837 
856 4 |u http://is.stuba.sk/zp/portal_zp.pl?podrobnosti=125517 
996 |b 284ER02346  |c E*Bc- 2346  |l EE31  |s P  |a 0  |w stuzp60572_0001